000 01034nam a2200289 i 4500
003 DO-SdBNP
005 20240708141709.0
007 ta
008 240708s2009 dr 001 0 spa d
040 _aDO-SdBNP
_bspa
_cBNPHU
_erda
082 _a352.84
_bE56i
_222
100 _985936
111 _aEncuentro Internacional de Administradores de Registro Civil, Identidad y Migración
_cSanto Domingo, República Dominicana)
_d(2009 :
_986001
245 1 0 _aEncuentro Internacional de Administradores de Registro Civil, Identidad y Migración /
264 1 _aSanto Domingo :
_bJunta Central Electoral,
_c2009
300 _a263 páginas :
_bilustraciones ;
_c24 cm.
336 _2rdacontent
_atexto
_btxt
337 _2rdamedia
_asin mediación
_bn
338 _2rdacarrier
_avolumen
_bnc
590 _aInventariado, 2024/ DG
650 4 _985937
_aRegistro civil
_xCongresos, conferencias, etc.
650 4 _aIdentidad
_xCongresos, conferencias, etc.
_986002
700 _985934
710 _985912
910 _aDG
942 _2ddc
_cLBS1
999 _c57209
_d57209